00389nam a2200145Ia 450000500170000000800410001702000150005808200130007310000170008624500490010326000480015230000180020065000130021865000120023120241014042727.0240331s9999 xx 000 0 und d a0521398525 bRUTa820 aRuthven, K.K 0aFeminist literary studies :bAn introduction aCambridgebCambridge University Pressc1984 avii, 152 p ., aFeminist aEnglish